Normal view
MARC view
Entry Personal Name
001 - CONTROL NUMBER
- control field: 1238048
003 - CONTROL NUMBER IDENTIFIER
- control field: OSt
005 - DATE AND TIME OF LATEST TRANSACTION
- control field: 20260430150629.0
008 - FIXED-LENGTH DATA ELEMENTS
- fixed length control field: 260430|| aca||aabn | a|a d
040 ## - CATALOGING SOURCE
- Original cataloging agency: OSt
- Transcribing agency: OSt
100 ## - HEADING--PERSONAL NAME
- Personal name: Jha Barun Kumar Au.; Umesh Kumar Gu
670 ## - SOURCE DATA FOUND
- Source citation: Work cat.: (OSt)1850253: Jha Barun Kumar Au.; Umesh Kumar Gu., Impact of Merger & Acquisition Announcements on Stock Returns: An Analysis of Domestic & Cross Border Merger & Acquisitions, 2024
